000
00261nam a2200109Ia 4500
008
220204s9999 xx 000 0 und d
082
_a
796.346
_b
MED
100
_a
Medlycott, James
245
0
_a
How to play squash
260
_a
London
_b
Hamlyn
_c
1978
942
_c
BK
999
_c
35961
_d
35961